| 000 | 00566nam a22001577a 4500 | ||
|---|---|---|---|
| 003 | SGT | ||
| 020 | _a9788120305854 | ||
| 082 | _a530,LOK | ||
| 100 | _aLOKANATHAN,S | ||
| 245 | _aSTATISTICAL AND THERMAL PHYSICS: aN INTRODUCATION | ||
| 260 |
_aNEW DELHI _bPHI _c2016 |
||
| 300 | _a272 | ||
| 650 | _aPHYSICS, THERMAL PHYSICS | ||
| 653 | _aDESCRIPTION OF A SYSTEM. THERMAL AND ADIABATIC INTERACTIONS. CLASSICAL GAS. THERMODYNAMICS. SYSTEMS WITH VARIABLE NUMBER OF PARTICLES. M-B, F-D AND B-E DISTRIBUTIONS. TRANSPORT PHENOMENA. APPENDIX. REFERENCES | ||
| 942 |
_2ddc _cFPS |
||
| 999 |
_c9847 _d9847 |
||